[Event "Oklahoma-Texas"]
[Site "Wichita Falls"]
[Date "2004.04.25"]
[Round "2.9"]
[White "Norman, Earl E"]
[Black "Starkey, James J"]
[Result "1/2-1/2"]
[WhiteElo "1506"]
[BlackElo "1758"]
[PlyCount "53"]
[EventDate "2004.04.25"]
[EventType "team"]
[EventRounds "2"]
[EventCountry "USA"]
[EventCategory "2"]
[SourceTitle "EXT 2006"]
[Source "ChessBase"]
[SourceDate "2005.11.24"]
[SourceVersion "1"]
[SourceVersionDate "2005.11.24"]
[SourceQuality "1"]

1. Nf3 Nf6 2. d4 d5 3. Bg5 e6 4. Nbd2 Be7 5. Bxf6 Bxf6 6. e4 dxe4 7. Nxe4 Bxd4 8. Nxd4 0-0 9. Nf3 Qe7 10. Bd3 Qb4+ 11. c3 Qxb2 12. 0-0 Nc6 13. Neg5 h6 14. Ne4 f5 15. Nfg5 fxe4 16. Nxe4 Qa3 17. Qb3 Qxb3 18. axb3 Ne5 19. Rad1 b6 20. Rfe1 Nxd3 21. Rxd3 Bb7 22. Ng3 Rae8 23. Rd7 Rf7 24. Red1 Bd5 25. Rxf7 Kxf7 26. b4 Re7 27. Ne2 1/2-1/2